Border Chain Minefield VI Quiz Stats

Quiz Updated Oct 21, 2016

Challenge
Share
Tweet
Embed
Score 0/20 Timer 03:00
21 Plays Today
% Correct
???
100%
???
93.1%
???
79.8%
???
79.1%
???
73.7%
???
69.9%
???
57.5%
???
52.5%
???
41.2%
???
36.8%
% Correct
???
32.6%
???
30.3%
???
29.6%
???
27.9%
???
27.4%
???
25%
???
20.1%
???
19.5%
???
19.2%
???
19.2%

You're not logged in!

Compare scores with friends on all Sporcle quizzes.
Sign Up with Email
OR
Log In

You Might Also Like...

Show Comments

Extras

Top Quizzes Today


Score Distribution

Your Account Isn't Verified!

In order to create a playlist on Sporcle, you need to verify the email address you used during registration. Go to your Sporcle Settings to finish the process.